THE ART OF SPIES IN DISGUISE (Record no. 1222300)

MARC details
000 -LEADER
fixed length control field 00373nam a22001577a 4500
005 - DATE AND TIME OF LATEST TRANSACTION
control field 20260601120814.0
008 - FIXED-LENGTH DATA ELEMENTS--GENERAL INFORMATION
fixed length control field 260601b |||||||| |||| 00| 0 eng d
041 ## - LANGUAGE CODE
Source of code ENGLISH
100 ## - MAIN ENTRY--PERSONAL NAME
Personal name TITAN BOOKS
245 ## - TITLE STATEMENT
Title THE ART OF SPIES IN DISGUISE
250 ## - EDITION STATEMENT
Edition statement 2019
260 ## - PUBLICATION, DISTRIBUTION, ETC. (IMPRINT)
Place of publication, distribution, etc LONDON
Name of publisher, distributor, etc TITAN BOOK
Date of publication, distribution, etc 1/12/2025
300 ## - PHYSICAL DESCRIPTION
Extent H-160
365 ## - TRADE PRICE
Price amount 3467.66
942 ## - ADDED ENTRY ELEMENTS (KOHA)
Item type Book

No items available.